| 000 | 01123nam a22003497a 4500 | ||
|---|---|---|---|
| 003 | CHAP | ||
| 005 | 20220817043702.0 | ||
| 008 | 000619d1997 mx r 00110 esp d | ||
| 010 | _a81594 | ||
| 011 | _a82566 | ||
| 020 | _a9686719520 | ||
| 035 | _a93065 | ||
| 040 | _cCHAP | ||
| 082 | 0 | 4 |
_a338.542 _bG5 |
| 100 | 0 | 0 |
_aGirón, Alicia. _948207 |
| 245 | 1 | 0 |
_aCrisis bancaria y carteras vencidas _c/comp. por Alicia Girón y Eugenia Correa |
| 260 |
_aMéxico, D.F. : _bUniversidad Autónoma Metropolitana, _c1997. |
||
| 300 | _a154 p. | ||
| 590 |
_aBATCH-UPD _b10 _c20130110 _lUCH01 _h0802 |
||
| 590 |
_aBATCH-UPD _b10 _c20130111 _lUCH01 _h0004 |
||
| 590 |
_aBATCH-UPD _b10 _c20130410 _lUCH01 _h0440 |
||
| 590 |
_aBATCH-UPD _b10 _c20130914 _lUCH01 _h1050 |
||
| 590 |
_aCONVERSION _b10 _c20130109 _lUCH01 _h1345 |
||
| 650 | 1 | 4 |
_aCrisis económica. _928975 |
| 650 | 1 | 4 |
_aDeuda pública. _932222 |
| 650 | 1 | 4 | _aPolítica económica. |
| 700 | 0 |
_aCorrea, Eugenia. _928234 |
|
| 901 | _aBK | ||
| 905 | _aAlejandra Carrasco M. | ||
| 942 | _cLIBRO | ||
| 949 |
_a338.542 G5 _bBC _cLIBRO _d33724000799565 _eLIBRO _gc/e _h98144 _i93065 _si _t$50. |
||
| 999 |
_c81594 _d81594 |
||